000 00871nam a22001817a 4500
999 _c62032
_d62032
003 Ge_BSU
005 20240625114030.0
008 240625s1965 ge ||||| |||| 00| 0 geo d
041 _ageo
080 _a615.9:661-849 ხ-15
100 _aხავთასი, ა.
_922575
245 _aგრანოზანით მოწამვლა :
_bკლინიკა, მკურნალობა და პროფილაქტიკა /
_cა. ხავთასი; რედ. მ. მენაღარიშვილი.
264 _aთბილისი :
_bსაბჭ. საქართველო,
_c1965.
300 _a20 გვ. ;
_b20 სმ.
653 _aგრანოზანით მოწამვლა
700 _aმენაღარიშვილი, მ.
_eრედაქტორი
_918333
942 _2udc
_cᲬᲘᲒᲜᲘ